Jacques-Louis David : oeuvres - Statistiques

Statistiques générales
  • Ce quiz a été pris 3 fois
  • Le résultat moyen est 5 sur 16
Statistiques - réponses
Par images Hint Réponse % Correct
1784 - Musée du Louvre (Paris) Le Serment des Horaces
100%
Étude - Musée Carnavalet (Paris) Le Serment du Jeu de Paume
100%
1799 - Musée du Louvre (Paris) Les Sabines
100%
1787 - MoMA (New York) La Mort de Socrate
67%
1794 - Musée du Louvre (Paris) Autoportrait
33%
1783 - Musée du Louvre (dépôt Beaux-Arts de Paris) La Douleur d'Andromaque
33%
1793 - Musées royaux des Beaux-Arts (Bruxelles) Marat assassiné
33%
1772 - Musée d'art de Dallas Apollon et Daphné tuant les enfants de Niobé
0%
1800 - Musée national des châteaux de Malmaison et de Bois-Préau (Rueil-Malmaison) Bonaparte franchissant les Alpes au Grand Saint-Bernard
0%
1773 - Petit Palais (Paris) La Mort de Sénèque
0%
1771 - Musée du Louvre (Paris) Le combat de Minerve contre Mars
0%
1806-1807 - Musée du Louvre (Paris) Le Sacre de Napoléon Ier
0%
1789 - Musée du Louvre (Paris) Les Amours de Pâris et d'Hélène
0%
1788 - MoMA (New York) Portrait d'Antoine-Laurent Lavoisier et de sa femme
0%
1800 - Musée du Louvre (Paris) Portrait de Juliette Récamier
0%
1805 - Musée du Louvre (Paris) Portrait du pape Pie VII
0%
Aucun quiz correspondant
Distribution des résultats
% des personnes avec chaque résultat
Percentile par nombre de réponses
Votre historique - résultats
Vous n’avez pas pris ce quiz